Strength of materials and structures: an introduction to the mechanics of solids and structures. (2nd ed) (Record no. 76889)

MARC details
000 -LEADER
fixed length control field 01886nam a2200289 a 4500
008 - FIXED-LENGTH DATA ELEMENTS--GENERAL INFORMATION
fixed length control field 120416s1971 ||||||||||||||||| || u
020 ## - INTERNATIONAL STANDARD BOOK NUMBER
International Standard Book Number 0713132434
020 ## - INTERNATIONAL STANDARD BOOK NUMBER
International Standard Book Number 0713132442
050 ## - LIBRARY OF CONGRESS CALL NUMBER
Classification number TA 405 Cas
100 ## - MAIN ENTRY--PERSONAL NAME
Personal name Chilver, Amos Henry
245 10 - TITLE STATEMENT
Title Strength of materials and structures: an introduction to the mechanics of solids and structures. (2nd ed)
250 ## - EDITION STATEMENT
Edition statement 2nd ed. (SI units)
260 ## - PUBLICATION, DISTRIBUTION, ETC.
Place of publication, distribution, etc. London:
Name of publisher, distributor, etc. Edward Arnold
Date of publication, distribution, etc. 1971
300 ## - PHYSICAL DESCRIPTION
Extent xii, 404p.: ill
350 ## -
-- 0.00
500 ## - GENERAL NOTE
General note First ed. published in 1959 under title: Strength of materials.
650 #0 - SUBJECT ADDED ENTRY--TOPICAL TERM
Topical term or geographic name entry element STRENGTH OF MATERIALS
700 ## - ADDED ENTRY--PERSONAL NAME
Personal name Case, John, 1888-1969
995 ## -
-- BINDERY (DAMAGED)
-- 0.00
-- 718443
-- CBU-MAIN LIBRARY (Kitwe)
-- 2
-- 7.90
-- TA 405 Cas
-- 3
-- DAMAGED
-- 014194
-- Main Library Open Access Collection
995 ## -
-- TEXTBOOKS (SBE)
-- 0.00
-- 5400
-- CBU-SCHOOL TEXTBOOK COLLECTIONS
-- 1
-- 0.00
-- SCHOOL TEXTBOOK
-- 4
-- AVAILABLE
-- Sep 8, 2009
-- 5400
-- School Collections
995 ## -
-- TEXTBOOKS (SBE)
-- 0.00
-- 5404
-- CBU-SCHOOL TEXTBOOK COLLECTIONS
-- 1
-- 0.00
-- SCHOOL TEXTBOOK
-- 8
-- AVAILABLE
-- Sep 8, 2009
-- 5404
-- School Collections
995 ## -
-- TEXTBOOKS (SBE)
-- 0.00
-- 5403
-- CBU-SCHOOL TEXTBOOK COLLECTIONS
-- 1
-- 0.00
-- SCHOOL TEXTBOOK
-- 7
-- AVAILABLE
-- Sep 8, 2009
-- 5403
-- School Collections
995 ## -
-- BINDERY (DAMAGED)
-- 0.00
-- 717100
-- CBU-MAIN LIBRARY (Kitwe)
-- 1
-- 7.90
-- TA 405 Cas
-- 2
-- DAMAGED
-- 014193
-- Main Library Open Access Collection
995 ## -
-- TEXTBOOKS (SBE)
-- 0.00
-- 5401
-- CBU-SCHOOL TEXTBOOK COLLECTIONS
-- 1
-- 0.00
-- SCHOOL TEXTBOOK
-- 5
-- AVAILABLE
-- Sep 8, 2009
-- 5401
-- School Collections
995 ## -
-- TEXTBOOKS (SBE)
-- 0.00
-- 5402
-- CBU-SCHOOL TEXTBOOK COLLECTIONS
-- 1
-- 0.00
-- SCHOOL TEXTBOOK
-- 6
-- AVAILABLE
-- Sep 8, 2009
-- 5402
-- School Collections
995 ## -
-- MAIN LIBRARY OPEN ACCESS
-- 0.00
-- 715731
-- CBU-MAIN LIBRARY (Kitwe)
-- 3
-- 7.90
-- TA 405 Cas
-- 1
-- AVAILABLE
-- 014192
-- Main Library Open Access Collection
999 ## -
-- 76889
-- 76889
Holdings
Withdrawn status Lost status Source of classification or shelving scheme Damaged status Not for loan Permanent Location Current Location Shelving location Date acquired Total Checkouts Full call number Barcode Date last seen Copy number Price effective from Koha item type
          CBU-MAIN LIBRARY, KITWE. CBU-MAIN LIBRARY, KITWE.   04/25/2023   TA 405 Cas 014194 04/25/2023 1 04/25/2023 MONOGRAPH
          CBU-MAIN LIBRARY, KITWE. CBU-MAIN LIBRARY, KITWE.   04/25/2023   TA 405 Cas 014193 04/25/2023 5 04/25/2023 MONOGRAPH
          CBU-MAIN LIBRARY, KITWE. CBU-MAIN LIBRARY, KITWE.   04/25/2023   TA 405 Cas 014192 04/25/2023 8 04/25/2023 MONOGRAPH
          CBU-SCHOOL TEXT BOOK COLLECTION CBU-SCHOOL TEXT BOOK COLLECTION   04/25/2023   SCHOOL TEXTBOOK 5400 04/25/2023 2 04/25/2023 MONOGRAPH
          CBU-SCHOOL TEXT BOOK COLLECTION CBU-SCHOOL TEXT BOOK COLLECTION   04/25/2023   SCHOOL TEXTBOOK 5404 04/25/2023 3 04/25/2023 MONOGRAPH
          CBU-SCHOOL TEXT BOOK COLLECTION CBU-SCHOOL TEXT BOOK COLLECTION   04/25/2023   SCHOOL TEXTBOOK 5403 04/25/2023 4 04/25/2023 MONOGRAPH
          CBU-SCHOOL TEXT BOOK COLLECTION CBU-SCHOOL TEXT BOOK COLLECTION   04/25/2023   SCHOOL TEXTBOOK 5401 04/25/2023 6 04/25/2023 MONOGRAPH
          CBU-SCHOOL TEXT BOOK COLLECTION CBU-SCHOOL TEXT BOOK COLLECTION   04/25/2023   SCHOOL TEXTBOOK 5402 04/25/2023 7 04/25/2023 MONOGRAPH